000 00903nam a2200265Ia 4500
003 OSt
005 20221005111315.0
006 a|||||r|||| 00| 0
007 ta
008 221004b |||||||| |||| 00| 0 hin d
020 _a8170555930 (hbk)
_c200
024 _a17700
037 _b527, 21/03/2015, Vani Prakashan
_cTextual
040 _aCRL
_cCRL
_bhin
041 _2hin
_ahin
082 _aO152,3NKA4x, P1;Q2
100 _aकालिया, ममता
245 0 _aबोलनेवाली औरत
246 _aBolanevālī aurata
260 _aनई दिल्ली
_bवाणी प्रकाशन भारत
_c2012
300 _a91पृ0
_ccm.
650 _aहिन्दी साहित्य
942 _hO152,3NKA4x, P1;Q2
_cTEXL
_2cc
999 _c1021452
_d1021452